ASOIAF- All Lord Commanders - Statistics

General Stats
  • This quiz has been taken 331 times
  • The average score is 10 of 32
Answer Stats
Order Commander Nicknames (if applicable) % Correct
Jon Snow Lord Snow/The White Wolf
95%
Kingsguard/Queensguard Ser Barristan Selmy The Bold
93%
Ser Jaime Lannister Kingslayer
92%
Jeor Mormont The Old Bear
90%
Ser Loras Tyrell Knight of Flowers
88%
Nights Watch Brynden Rivers Bloodraven
85%
Prince Aemon Targaryen The Dragonknight
76%
Ser Criston Cole The Kingmaker
73%
Ser Gerold Hightower The White Bull
71%
Ser Ryam Redwyne n/a
31%
Kingsguard Ser Addison Hill The Bastard of Cornfield
27%
Ser Duncan The Tall
24%
Ser Alyn Connington The Pale Griffin
22%
Ser Corlys Velaryon n/a
20%
Ser Steffon Darklyn
18%
Ser Harrold Westerling n/a
15%
The Night's King
14%
Osric Stark n/a
11%
Qorgyle
10%
Jack Musgood Sleepy Jack
9%
Ser Lorent Marbrand
7%
Ser Robert Flowers Red
5%
The Demon Of Darry
5%
Hoare
4%
Orbert Caswell The Black Centaur
4%
Rodrik Flint
4%
Runcel Hightower
4%
Crowl n/a
2%
Marq Rankenfell n/a
2%
Robin Hill
2%
Ser Glendon Goode n/a
2%
Tristan Mudd
2%
No matching quizzes found
Score Distribution
Percent of People with Each Score
Percentile by Number Answered
Your Score History
You have not taken this quiz